000 00760nam a2200205 a 4500
005 20210223130041.0
008 060926s2004 mx r 000 0 spa d
020 _a9870004539
035 _aUPN01000147356
049 _aCG
050 4 _aKHA480
_bC3.2
100 1 _aCárdenas, Eduardo José,
_d1945-
245 1 3 _aEl cliente negocia y el abogado lo asesora :
_buna variante poco usada en los conflictos de familia : descripción y resultados de un modelo de trabajo evaluado /
_cEduardo José Cárdenas.
260 _aBuenos Aires :
_bLumen,
_c2004.
300 _a204 p. :
_bcuadros
440 0 _aLumen-Humanitas.
_pMinoridad y familia
650 4 _aDERECHO FAMILIAR -
_zARGENTINA
_96025
650 4 _aMEDIACION FAMILIAR -
_zARGENTINA
_96011
905 _aLibro
999 _c119501
_d119501